[Event "4NCL/Div2/KHE vs. SWD1"]
[Site "Birmingham ENG"]
[Date "2007.11.10"]
[Round "3.3"]
[White "McMichael, Richard"]
[Black "Blackburn, Jonathan L B"]
[Result "1-0"]
[WhiteElo "2255"]
[BlackElo "2228"]
[PlyCount "73"]
[EventDate "2007.11.10"]
[EventType "team"]
[EventRounds "11"]
[EventCountry "ENG"]
[SourceDate "2007.09.15"]

1. c4 b6 2. Nc3 Bb7 3. e4 e6 4. d3 Bb4 5. Nge2 f5 6. a3 Bxc3+ 7. Nxc3 Qf6 8. g3
fxe4 9. dxe4 Nc6 10. Bg2 Qd4 11. Qe2 Ne5 12. O-O Qxc4 13. Qh5+ Nf7 14. Qg4 g6
15. Bg5 h6 16. Be3 g5 17. Qh5 Nf6 18. Qf3 Ke7 19. Rac1 Ne5 20. Qd1 Qd3 21. Qb3
Qc4 22. Qd1 Qd3 23. Qa4 Qa6 24. Qd4 d6 25. f4 c5 26. Qd2 Nc4 27. Qe2 gxf4 28.
Bxf4 e5 29. Nd5+ Bxd5 30. exd5 b5 31. b3 Kd8 32. bxc4 exf4 33. Qe6 Nd7 34. Bh3
Qb7 35. Rce1 fxg3 36. Rf7 gxh2+ 37. Kxh2 1-0

[Event "4NCL/Div2/KHE vs. SWD1"]
[Site "Birmingham ENG"]
[Date "2007.11.10"]
[Round "3.4"]
[White "Morris, Charles F"]
[Black "Spivack, Simon"]
[Result "1-0"]
[WhiteElo "2198"]
[BlackElo "2203"]
[PlyCount "107"]
[EventDate "2007.11.10"]
[EventType "team"]
[EventRounds "11"]
[EventCountry "ENG"]
[SourceDate "2007.09.15"]

1. Nf3 Nf6 2. c4 g6 3. g3 Bg7 4. Bg2 O-O 5. O-O c6 6. Nc3 d6 7. d4 Qa5 8. e4
Bg4 9. h3 Bxf3 10. Bxf3 Nbd7 11. Be2 c5 12. d5 a6 13. Bd2 Rab8 14. Qc2 Qc7 15.
f4 e6 16. g4 exd5 17. g5 Ne8 18. Nxd5 Qd8 19. Bc3 f6 20. h4 b5 21. b3 fxg5 22.
hxg5 b4 23. Bxg7 Nxg7 24. Bg4 Nb6 25. Qd2 Nxd5 26. Qxd5+ Kh8 27. Rad1 Qe7 28.
Qxd6 Qxe4 29. Rde1 Qd4+ 30. Qxd4 cxd4 31. Re7 Rbd8 32. Rd7 Rxd7 33. Bxd7 Rd8
34. Bg4 Nf5 35. Bxf5 gxf5 36. Re1 Kg7 37. Kf2 Kg6 38. Re6+ Kg7 39. Re5 h6 40.
gxh6+ Kxh6 41. Rd5 Rh8 42. Rxd4 Kg7 43. Rd7+ Kf6 44. Rd6+ Ke7 45. Rxa6 Rh1 46.
Rb6 Ra1 47. Rxb4 Kd6 48. a4 Kc5 49. Rb5+ Kd4 50. Rxf5 Ke4 51. Rf8 Ra2+ 52. Kg3
Ra1 53. Re8+ Kf5 54. Re5+ 1-0

[Event "4NCL/Div2/KHE vs. SWD1"]
[Site "Birmingham ENG"]
[Date "2007.11.10"]
[Round "3.5"]
[White "Thomas, Richard H"]
[Black "James, David J"]
[Result "1/2-1/2"]
[WhiteElo "2185"]
[BlackElo "2220"]
[PlyCount "111"]
[EventDate "2007.11.10"]
[EventType "team"]
[EventRounds "11"]
[EventCountry "ENG"]
[SourceDate "2007.09.15"]

1. d4 Nf6 2. c4 e6 3. g3 d5 4. Bg2 Be7 5. Nf3 dxc4 6. O-O O-O 7. Na3 Bxa3 8.
bxa3 Bd7 9. Ne5 Bc6 10. Nxc6 Nxc6 11. Bb2 Nd5 12. Rc1 Nb6 13. e3 Rb8 14. Qc2
Qd7 15. Rfd1 Ne7 16. Bc3 Ned5 17. Ba1 Rfd8 18. Bf1 Rbc8 19. Bxc4 Nxc4 20. Qxc4
Nf6 21. Qb3 Qd5 22. Qxd5 exd5 23. f3 c6 24. Rd3 Rd7 25. Kf2 b6 26. a4 c5 27.
dxc5 Rxc5 28. Rcd1 Rc2+ 29. R1d2 Rxd2+ 30. Rxd2 Rc7 31. e4 Kf8 32. exd5 Ke8 33.
a5 bxa5 34. g4 h6 35. h4 Kd7 36. Bxf6 gxf6 37. Ke3 Rc4 38. Rd4 Rc3+ 39. Rd3 Rc4
40. Rd4 Rc3+ 41. Ke4 Ra3 42. Rd2 f5+ 43. Kf4 fxg4 44. Kxg4 h5+ 45. Kxh5 Rxf3
46. Kg4 Rf1 47. Rd4 Kd6 48. Ra4 Kxd5 49. Rxa5+ Ke4 50. Ra4+ Ke5 51. Rxa7 f5+
52. Kg3 f4+ 53. Kg2 Rc1 54. Ra3 Kf5 55. Kf3 Rf1+ 56. Kg2 1/2-1/2

[Event "4NCL/Div2/KHE vs. SWD1"]
[Site "Birmingham ENG"]
[Date "2007.11.10"]
[Round "3.6"]
[White "Zeidler, Sven P"]
[Black "Mackenzie, Colin"]
[Result "1-0"]
[WhiteElo "2219"]
[BlackElo "2139"]
[PlyCount "83"]
[EventDate "2007.11.10"]
[EventType "team"]
[EventRounds "11"]
[EventCountry "ENG"]
[SourceDate "2007.09.15"]

1. e4 e6 2. d4 d5 3. exd5 exd5 4. Nf3 Bd6 5. c4 c6 6. Nc3 Ne7 7. Bd3 dxc4 8.
Bxc4 O-O 9. O-O Bf5 10. Bg5 Qb6 11. Nh4 Bg6 12. Qg4 Kh8 13. Rae1 Nd5 14. Nxg6+
fxg6 15. Qe6 Qc7 16. Bxd5 cxd5 17. Nxd5 Qc6 18. Re4 Na6 19. Rc1 Qe8 20. f3 Qxe6
21. Rxe6 Bb4 22. Rxa6 bxa6 23. Nxb4 Rf5 24. Be3 Rb5 25. Nd3 Kg8 26. Kf2 Rab8
27. Rc7 R8b7 28. Rxb7 Rxb7 29. b3 a5 30. Nc5 Rb8 31. Ke2 Kf7 32. Bd2 a4 33.
Nxa4 Ke6 34. Kd3 Kd5 35. Nc3+ Kc6 36. d5+ Kd7 37. Ne4 Rc8 38. b4 h5 39. Bf4 Rf8
40. Nc5+ Kc8 41. Ke4 Re8+ 42. Be5 1-0

[Event "4NCL/Div2/KHE vs. SWD1"]
[Site "Birmingham ENG"]
[Date "2007.11.10"]
[Round "3.7"]
[White "Compton, Alistair"]
[Black "Spice, Alan"]
[Result "1-0"]
[WhiteElo "2139"]
[BlackElo "2170"]
[PlyCount "51"]
[EventDate "2007.11.10"]
[EventType "team"]
[EventRounds "11"]
[EventCountry "ENG"]
[SourceDate "2007.09.15"]

1. e4 e6 2. d4 d5 3. Nc3 Nf6 4. e5 Nfd7 5. f4 c5 6. dxc5 Bxc5 7. Qg4 O-O 8. Nf3
Nc6 9. Bd3 f5 10. Qh3 Be7 11. g4 Nc5 12. gxf5 Nxd3+ 13. cxd3 Rxf5 14. Rg1 Bd7
15. Bd2 Qb6 16. Qg4 Rf7 17. Rg3 Nb4 18. Ke2 Bb5 19. Nxb5 Qxb5 20. Nd4 Qb6 21.
Nxe6 Nc2 22. Rc1 Qxb2 23. Nxg7 Kh8 24. Kd1 Nb4 25. Nf5 Nxa2 26. Nh6 1-0

[Event "4NCL/Div2/CHEDP vs. BRI1"]
[Site "Birmingham ENG"]
[Date "2007.11.10"]
[Round "3.1"]
[White "Lamoureux, Charles"]
[Black "Cobb, Charles"]
[Result "0-1"]
[WhiteElo "2360"]
[BlackElo "2401"]
[PlyCount "68"]
[EventDate "2007.11.10"]
[EventType "team"]
[EventRounds "11"]
[EventCountry "ENG"]
[SourceDate "2007.09.15"]

1. e4 e6 2. d4 d5 3. Nc3 Nf6 4. e5 Nfd7 5. Nce2 c5 6. c3 cxd4 7. cxd4 f6 8. f4
fxe5 9. fxe5 Qh4+ 10. Ng3 Bb4+ 11. Kf2 O-O+ 12. Nf3 Nc6 13. Be3 Ba5 14. Kg1
Rxf3 15. gxf3 Bb6 16. f4 g5 17. Bf2 gxf4 18. Ne4 Bxd4 19. Nf6+ Nxf6 20. Bxd4
Qg5+ 21. Bg2 Nxd4 22. Qxd4 f3 23. Qf2 Qxg2+ 24. Qxg2+ fxg2 25. Kxg2 Ng4 26.
Rae1 Bd7 27. Rhf1 d4 28. Kg3 Ne3 29. Rf2 Nf5+ 30. Kf4 Bc6 31. Kg4 Kf7 32. h4
Rg8+ 33. Kh3 Rg3+ 34. Kh2 Rg4 0-1

[Event "4NCL/Div2/CHEDP vs. BRI1"]
[Site "Birmingham ENG"]
[Date "2007.11.10"]
[Round "3.2"]
[White "Rudd, Jack"]
[Black "Bellin, Robert"]
[Result "1-0"]
[WhiteElo "2332"]
[BlackElo "2400"]
[Annotator "Armstrong,Malcolm"]
[PlyCount "67"]
[EventDate "2007.11.10"]
[EventType "team"]
[EventRounds "11"]
[EventCountry "ENG"]
[SourceDate "2007.09.15"]

1. e4 c5 2. Nf3 d6 3. Nc3 Nf6 4. e5 dxe5 5. Nxe5 e6 6. g3 Qc7 7. Qe2 Nc6 8.
Nxc6 Qxc6 9. Rg1 Bd7 10. b3 Qb6 11. Bb2 Bc6 12. O-O-O Be7 13. Kb1 O-O-O 14. Bh3
Kb8 15. d3 Qa6 16. Qe3 Qa5 17. f4 Rhe8 18. Ne4 Nd5 19. Qe1 Qxe1 20. Rdxe1 Nf6
21. Ng5 Rf8 22. f5 h6 23. Ne4 Bxe4 24. dxe4 exf5 25. exf5 Bd6 26. Bf1 Ne8 27.
Bc4 f6 28. h4 Nc7 29. g4 Rfe8 30. g5 hxg5 31. hxg5 Rxe1+ 32. Rxe1 Bg3 33. Rg1
Bf2 34. gxf6 {time} 1-0

[Event "4NCL/Div2/CHEDP vs. BRI1"]
[Site "Birmingham ENG"]
[Date "2007.11.10"]
[Round "3.3"]
[White "Wallace, Paul A"]
[Black "Walker, Martin"]
[Result "1/2-1/2"]
[WhiteElo "2254"]
[BlackElo "2244"]
[PlyCount "93"]
[EventDate "2007.11.10"]
[EventType "team"]
[EventRounds "11"]
[EventCountry "ENG"]
[SourceDate "2007.09.15"]

1. e4 e5 2. Nf3 Nc6 3. Bb5 a6 4. Ba4 Nf6 5. O-O Nxe4 6. d4 b5 7. Bb3 d5 8. dxe5
Be6 9. Nbd2 Nc5 10. c3 d4 11. Bxe6 fxe6 12. cxd4 Nxd4 13. Nxd4 Qxd4 14. Qh5+ g6
15. Qf3 Qd5 16. Qf6 Rg8 17. Qh4 Nd3 18. Ne4 Qxe5 19. Bg5 h6 20. Bf6 Qf4 21.
Rad1 Qxh4 22. Bxh4 Nc5 23. Nf6+ Kf7 24. Nxg8 Kxg8 25. Bg3 Rc8 26. Rfe1 a5 27.
Re2 Kf7 28. Rc2 c6 29. f3 Ke8 30. Kf1 Na6 31. Re2 Nc5 32. Bf2 Kf7 33. Rc2 Na6
34. a3 Ke8 35. Re2 Nc7 36. Bb6 Nd5 37. Bxa5 Kf7 38. Be1 c5 39. Bf2 Bg7 40. Rc2
c4 41. g3 Ra8 42. Ke2 c3 43. Bd4 Bxd4 44. Rxd4 cxb2 45. Rxb2 Rxa3 46. Rd3 Ra5
47. h4 1/2-1/2

[Event "4NCL/Div2/CHEDP vs. BRI1"]
[Site "Birmingham ENG"]
[Date "2007.11.10"]
[Round "3.4"]
[White "Beaumont, Chris"]
[Black "Bennett, Patrick"]
[Result "1-0"]
[WhiteElo "2324"]
[BlackElo "2150"]
[PlyCount "79"]
[EventDate "2007.11.10"]
[EventType "team"]
[EventRounds "11"]
[EventCountry "ENG"]
[SourceDate "2007.09.15"]

1. d4 Nf6 2. c4 g6 3. Nc3 Bg7 4. e4 d6 5. Nf3 O-O 6. Be2 e5 7. Be3 Ng4 8. Bg5
f6 9. Bc1 Nh6 10. O-O Nc6 11. d5 Ne7 12. b4 a5 13. bxa5 Rxa5 14. a4 Nf7 15. Ba3
f5 16. Nd2 fxe4 17. Ndxe4 Nf5 18. Bb4 Ra8 19. c5 Nd4 20. Bd3 Qh4 21. cxd6 cxd6
22. Nb5 Ng5 23. Nxg5 Nxb5 24. Ne4 Nd4 25. Bxd6 Rd8 26. f3 Bf5 27. Bb4 Rxd5 28.
Bc4 Bxe4 29. Be1 Qg5 30. fxe4 Qe3+ 31. Bf2 Qxe4 32. Bxd4 Rad8 33. Re1 Qxd4+ 34.
Qxd4 exd4 35. Rab1 Kh8 36. Bxd5 d3 37. Bxb7 Bd4+ 38. Kh1 d2 39. Red1 Bc3 40.
Kg1 1-0

[Event "4NCL/Div2/CHEDP vs. BRI1"]
[Site "Birmingham ENG"]
[Date "2007.11.10"]
[Round "3.5"]
[White "McKenna, Jason P"]
[Black "Buckley, David E"]
[Result "1/2-1/2"]
[WhiteElo "2139"]
[BlackElo "2240"]
[PlyCount "49"]
[EventDate "2007.11.10"]
[EventType "team"]
[EventRounds "11"]
[EventCountry "ENG"]
[SourceDate "2007.09.15"]

1. e4 d6 2. d4 Nf6 3. Nc3 e5 4. Nf3 Nbd7 5. Bc4 Be7 6. O-O O-O 7. Re1 c6 8. a4
b6 9. Qe2 a6 10. d5 cxd5 11. Nxd5 Bb7 12. Nxe7+ Qxe7 13. Nd2 Nc5 14. f3 Bc6 15.
b3 Qb7 16. Nf1 b5 17. axb5 axb5 18. Rxa8 Rxa8 19. Bd3 Nxd3 20. Qxd3 Rd8 21. Bg5
Qe7 22. Ne3 h6 23. Nd5 Bxd5 24. Bxf6 Qxf6 25. Qxd5 1/2-1/2

[Event "4NCL/Div2/CHEDP vs. BRI1"]
[Site "Birmingham ENG"]
[Date "2007.11.10"]
[Round "3.6"]
[White "Poobalasingam, Peter"]
[Black "Buxton, David E"]
[Result "1-0"]
[WhiteElo "2158"]
[BlackElo "2145"]
[PlyCount "73"]
[EventDate "2007.11.10"]
[EventType "team"]
[EventRounds "11"]
[EventCountry "ENG"]
[SourceDate "2007.09.15"]

1. e4 e6 2. d4 d5 3. Nc3 Nf6 4. e5 Nfd7 5. Nce2 c5 6. c3 Nc6 7. f4 cxd4 8. cxd4
f6 9. Nf3 Bb4+ 10. Nc3 Qb6 11. Bd3 Be7 12. a3 a6 13. Bc2 g6 14. g4 Nf8 15. b4
Bd7 16. Be3 Rc8 17. Na4 Qa7 18. O-O f5 19. gxf5 gxf5 20. Ng5 Bxg5 21. fxg5 Nxe5
22. Nc5 Neg6 23. Ba4 b5 24. Bc2 Qb6 25. Qf3 Rg8 26. Rae1 Qd6 27. Bxf5 Qe7 28.
Bd2 Kd8 29. Bg4 Rc6 30. Qf7 Rg7 31. Qxe7+ Kxe7 32. Kg2 Nh4+ 33. Kg3 Nfg6 34.
Rf6 Kd8 35. Bxe6 Bxe6 36. Nxe6+ Rxe6 37. Rexe6 1-0

[Event "4NCL/Div2/CHEDP vs. BRI1"]
[Site "Birmingham ENG"]
[Date "2007.11.10"]
[Round "3.7"]
[White "Lamoureux, Izabelle"]
[Black "Dilleigh, Stephen P"]
[Result "1/2-1/2"]
[WhiteElo "2084"]
[BlackElo "2135"]
[PlyCount "51"]
[EventDate "2007.11.10"]
[EventType "team"]
[EventRounds "11"]
[EventCountry "ENG"]
[SourceDate "2007.09.15"]

1. e4 e6 2. d4 d5 3. Nd2 a6 4. e5 c5 5. c3 Nc6 6. Ne2 Nge7 7. Nf3 cxd4 8. Nexd4
Qc7 9. Nxc6 Nxc6 10. Bf4 f6 11. Qe2 fxe5 12. Nxe5 Nxe5 13. Qxe5 Qxe5+ 14. Bxe5
Kf7 15. Be2 Rg8 16. O-O Be7 17. Rfe1 Bf6 18. Bg4 Bd7 19. Re3 Rac8 20. Rae1 Rc6
21. Bh5+ Ke7 22. f4 g6 23. Bd1 Rb6 24. Bb3 Bxe5 25. Rxe5 Kf6 26. Kf2 1/2-1/2

[Event "4NCL/Div2/PAP vs. PPA1"]
[Site "Birmingham ENG"]
[Date "2007.11.10"]
[Round "3.1"]
[White "Emms, John M"]
[Black "Swanson, Stephen"]
[Result "1-0"]
[WhiteElo "2503"]
[BlackElo "2248"]
[PlyCount "67"]
[EventDate "2007.11.10"]
[EventType "team"]
[EventRounds "11"]
[EventCountry "ENG"]
[SourceDate "2007.09.15"]

1. e4 g6 2. d4 Bg7 3. Nc3 d6 4. Be3 a6 5. Nf3 Nd7 6. Bd3 e6 7. Qd2 h6 8. O-O
Ne7 9. Ne2 c5 10. c3 b6 11. Ng3 Bb7 12. Rad1 cxd4 13. cxd4 d5 14. e5 Rc8 15. h4
h5 16. Ng5 Nb8 17. Qe2 Qd7 18. Qf3 Nec6 19. Ne2 Nd8 20. Nf4 Rh6 21. g4 hxg4 22.
Qxg4 Nbc6 23. h5 Bxe5 24. dxe5 Nxe5 25. Qg3 Nxd3 26. Rxd3 f6 27. Ngxe6 g5 28.
Nxd8 Rxd8 29. Bxb6 Rc8 30. Re1+ Kf7 31. Ng6 Rxg6 32. hxg6+ Kxg6 33. Bd4 Rh8 34.
Bxf6 1-0

[Event "4NCL/Div2/PAP vs. PPA1"]
[Site "Birmingham ENG"]
[Date "2007.11.10"]
[Round "3.2"]
[White "Posazhennikov, Alex"]
[Black "Summerscale, Aaron"]
[Result "1/2-1/2"]
[WhiteElo "2226"]
[BlackElo "2478"]
[PlyCount "90"]
[EventDate "2007.11.10"]
[EventType "team"]
[EventRounds "11"]
[EventCountry "ENG"]
[SourceDate "2007.09.15"]

1. d4 d6 2. c4 e5 3. Nf3 e4 4. Ng5 f5 5. g3 Be7 6. h4 Nf6 7. Nc3 c6 8. Qb3 Na6
9. Bd2 O-O 10. Nh3 Nc7 11. Nf4 Rb8 12. e3 Bd7 13. Be2 Be8 14. a4 Bf7 15. Qc2
Ne6 16. Nh3 d5 17. Qb3 g6 18. cxd5 cxd5 19. Nf4 Nxf4 20. exf4 Ne8 21. Nd1 Ng7
22. Ne3 Qd6 23. Nc2 Ne6 24. Rd1 Rfc8 25. Bc3 Qd8 26. Ne3 Ng7 27. Kf1 Bf6 28. a5
Kh8 29. Qb5 Ne8 30. Qb4 Nd6 31. Qb3 Qd7 32. Kg2 Nc4 33. Bxc4 dxc4 34. Qc2 Bd5
35. Qe2 Be7 36. Ra1 Ra8 37. Qc2 b5 38. axb6 axb6 39. Qd2 Kg8 40. Rhc1 Bf6 41.
Bb4 Rd8 42. Ra3 Rac8 43. Ra6 Bf7 44. Bc3 Rc6 45. d5 Bxd5 1/2-1/2

[Event "4NCL/Div2/PAP vs. PPA1"]
[Site "Birmingham ENG"]
[Date "2007.11.10"]
[Round "3.3"]
[White "Ward, Chris G"]
[Black "Harley, Andrew"]
[Result "1/2-1/2"]
[WhiteElo "2441"]
[BlackElo "2219"]
[PlyCount "56"]
[EventDate "2007.11.10"]
[EventType "team"]
[EventRounds "11"]
[EventCountry "ENG"]
[SourceDate "2007.09.15"]

1. d4 e6 2. c4 Nf6 3. Nc3 Bb4 4. Nf3 c5 5. d5 Bxc3+ 6. bxc3 d6 7. Bg5 h6 8. Bh4
e5 9. Nd2 g5 10. Bg3 Bf5 11. Qb3 Qc7 12. f3 Nbd7 13. e4 Bg6 14. a4 Nh5 15. Bf2
O-O-O 16. a5 a6 17. Rb1 f5 18. g3 Nhf6 19. Bd3 fxe4 20. fxe4 Rhf8 21. h3 Rf7
22. O-O Rdf8 23. Kg2 Ne8 24. Qa4 Kb8 25. Rb2 Ka8 26. Kg1 Ndf6 27. Rb6 Qd7 28.
Qxd7 Nxd7 1/2-1/2

[Event "4NCL/Div2/PAP vs. PPA1"]
[Site "Birmingham ENG"]
[Date "2007.11.10"]
[Round "3.4"]
[White "Morgan, Ben"]
[Black "Winkelmann, Elena"]
[Result "1-0"]
[WhiteElo "2233"]
[BlackElo "2115"]
[PlyCount "89"]
[EventDate "2007.11.10"]
[EventType "team"]
[EventRounds "11"]
[EventCountry "ENG"]
[SourceDate "2007.09.15"]

1. d4 d5 2. c4 dxc4 3. Nf3 Nf6 4. e3 e6 5. Bxc4 c5 6. O-O Nc6 7. Nc3 a6 8. Bb3
Na5 9. Bc2 b5 10. Qe2 Bb7 11. Rd1 Qc7 12. e4 cxd4 13. Nxd4 Bc5 14. Bg5 Nc6 15.
Bxf6 gxf6 16. Nxe6 fxe6 17. Qh5+ Qf7 18. Qxc5 Rc8 19. Qb6 Qc7 20. Qxc7 Rxc7 21.
Bb3 Kf7 22. Rd6 Re8 23. Rad1 Na5 24. f3 Nxb3 25. axb3 Ke7 26. Kf2 Bc8 27. Ke3
Rd7 28. Rxd7+ Bxd7 29. Ne2 Rd8 30. f4 e5 31. fxe5 fxe5 32. Rd2 Rg8 33. Ng1 Bg4
34. h3 Be6 35. Nf3 Kf6 36. g4 h6 37. Rd6 Ra8 38. Rb6 Rc8 39. Kd2 Rd8+ 40. Kc2
Rc8+ 41. Kd2 Rd8+ 42. Ke3 Rc8 43. h4 Rc2 44. g5+ hxg5 45. Nxg5 1-0

[Event "4NCL/Div2/PAP vs. PPA1"]
[Site "Birmingham ENG"]
[Date "2007.11.10"]
[Round "3.5"]
[White "Flear, Christine"]
[Black "Borman, Philip J"]
[Result "1/2-1/2"]
[WhiteElo "2149"]
[BlackElo "2214"]
[PlyCount "80"]
[EventDate "2007.11.10"]
[EventType "team"]
[EventRounds "11"]
[EventCountry "ENG"]
[SourceDate "2007.09.15"]

1. d4 Nf6 2. c4 c5 3. d5 b5 4. cxb5 a6 5. bxa6 g6 6. Nc3 Bxa6 7. e4 Bxf1 8.
Kxf1 d6 9. g3 Bg7 10. Kg2 O-O 11. Nf3 Nbd7 12. h3 Nb6 13. Re1 Qd7 14. Bg5 Na4
15. Nxa4 Qxa4 16. b3 Qd7 17. Qc2 h6 18. Bd2 Ra3 19. Bc1 Ra6 20. Bb2 Rfa8 21. a4
Qb7 22. Kg1 Rb8 23. Nd2 Nd7 24. Bxg7 Kxg7 25. Rab1 Kh7 26. Re3 Rb6 27. Nc4 Ra6
28. Rd1 Nb6 29. Nd2 Qc8 30. Kh2 c4 31. Nxc4 Nxc4 32. Rc3 Rb4 33. Rxc4 Rxc4 34.
bxc4 Qc5 35. Rb1 Rxa4 36. Qxa4 Qxf2+ 37. Kh1 Qf3+ 38. Kh2 Qe2+ 39. Kg1 Qe3+ 40.
Kh2 Qf2+ 1/2-1/2

[Event "4NCL/Div2/PAP vs. PPA1"]
[Site "Birmingham ENG"]
[Date "2007.11.10"]
[Round "3.6"]
[White "Byway, Paul"]
[Black "Yurenok, Maria S"]
[Result "1/2-1/2"]
[WhiteElo "2167"]
[BlackElo "2036"]
[PlyCount "45"]
[EventDate "2007.11.10"]
[EventType "team"]
[EventRounds "11"]
[EventCountry "ENG"]
[SourceDate "2007.09.15"]

1. c4 c6 2. Nf3 d5 3. e3 Nf6 4. b3 Bg4 5. Bb2 e6 6. h3 Bh5 7. Be2 Nbd7 8. O-O
Bd6 9. cxd5 exd5 10. Nd4 Bxe2 11. Qxe2 O-O 12. f4 Re8 13. Nc3 Nc5 14. b4 Ne6
15. Nxe6 Rxe6 16. a3 d4 17. Na4 dxe3 18. f5 Re8 19. dxe3 Be5 20. Rad1 Qe7 21.
Bxe5 Qxe5 22. Rf3 Re7 23. Qb2 1/2-1/2

[Event "4NCL/Div2/PAP vs. PPA1"]
[Site "Birmingham ENG"]
[Date "2007.11.10"]
[Round "3.7"]
[White "Forbes, Cathy"]
[Black "Rosen, Daniel B"]
[Result "1-0"]
[WhiteElo "2090"]
[BlackElo "2127"]
[PlyCount "69"]
[EventDate "2007.11.10"]
[EventType "team"]
[EventRounds "11"]
[EventCountry "ENG"]
[SourceDate "2007.09.15"]

1. d4 f5 2. b3 e6 3. Bb2 Nf6 4. Nd2 b6 5. Ngf3 Bb7 6. g3 Be7 7. Bg2 O-O 8. O-O
Qc8 9. c4 Nc6 10. Rc1 Nd8 11. Qc2 Nf7 12. d5 Nd6 13. Ne5 Nf7 14. Nxd7 Nxd7 15.
dxe6 Bxg2 16. exf7+ Rxf7 17. Kxg2 Qb7+ 18. Kg1 Bg5 19. f4 Be7 20. Nf3 Nc5 21.
b4 Ne4 22. c5 bxc5 23. Ne5 cxb4 24. Qb3 Raf8 25. Nxf7 Rxf7 26. Rfd1 c5 27. e3
Kf8 28. Qe6 g6 29. Rd7 Qb6 30. Qd5 Ke8 31. Rd1 Rf8 32. Rb7 Qd6 33. Rxe7+ Qxe7
34. Qc6+ Kf7 35. Rd7 1-0

[Event "4NCL/Div2/PAP vs. PPA1"]
[Site "Birmingham ENG"]
[Date "2007.11.10"]
[Round "3.8"]
[White "Bentley, Emma"]
[Black "Thilaganathan, Jessica"]
[Result "1-0"]
[WhiteElo "1605"]
[BlackElo "1929"]
[PlyCount "95"]
[EventDate "2007.11.10"]
[EventType "team"]
[EventRounds "11"]
[EventCountry "ENG"]
[SourceDate "2007.09.15"]

1. e4 e6 2. Nc3 d5 3. exd5 exd5 4. d4 Nf6 5. Nf3 Bf5 6. g3 Bb4 7. Bd2 O-O 8.
Bg2 Re8+ 9. Ne5 c5 10. f4 Nc6 11. Ne2 Bxd2+ 12. Qxd2 cxd4 13. Nxc6 bxc6 14. O-O
d3 15. Nd4 Qb6 16. c3 Re2 17. Qd1 Qxb2 18. Bf3 Rd2 19. Qb1 Bh3 20. Qxb2 Rxb2
21. Rfd1 c5 22. Nc6 c4 23. Ne7+ Kf8 24. Nxd5 Nxd5 25. Bxd5 Rc8 26. Rdb1 Rxb1+
27. Rxb1 Bg4 28. Kf2 Rc7 29. Rb8+ Ke7 30. Ke1 Kd6 31. Rd8+ Ke7 32. Rb8 Kf6 33.
Rb7 Rxb7 34. Bxb7 Ke6 35. Bc8+ Kd5 36. Bxg4 Ke4 37. Kd2 h6 38. Bd7 Kd5 39. Be8
f6 40. Ke3 a6 41. Bf7+ Kc5 42. Bh5 Kd5 43. Bd1 a5 44. Bf3+ Kc5 45. Ke4 g6 46.
g4 a4 47. h4 a3 48. g5 1-0